00219nam a2200073Ia 4500008004100000082001500041100002200056245006700078240331s9999 xx 000 0 und d a303.6bSUR aSuriyakumaran, C. 4aThe anguish of 83 :bSri Lanka's ethnic crisis and the way out